000 00589nam a2200229Ia 4500
001 48984
005 20240114003931.0
007 ta
008 090523s1969 g b000 u 297 u
040 _aCotton College,Assam
041 _a297
082 _a492.703
_bEl 41 Mo
100 _aElias, .
245 0 _aModern Dictionary English-Arabic /
_cElias.
_hTextual Documents
250 _a16 th /
260 _aCairo :
_bElias Moden Press ,
_c1969.
300 _a812 p ;
_c24 cm.
653 _aDictionary-Arabic
942 _2ddc
_cBK
999 _c48949
_d48949